|
|
|
|
| LEADER |
00000cam a22000004a 4500 |
| 001 |
musev2_39552 |
| 003 |
MdBmJHUP |
| 005 |
20230905044142.0 |
| 006 |
m o d |
| 007 |
cr||||||||nn|n |
| 008 |
150331t20152015mau o 00 0 eng d |
| 020 |
|
|
|a 9780262327138
|
| 020 |
|
|
|z 0262327139
|
| 020 |
|
|
|z 9780262028837
|
| 020 |
|
|
|z 0262028832
|
| 035 |
|
|
|a (OCoLC)905903052
|
| 040 |
|
|
|a MdBmJHUP
|c MdBmJHUP
|
| 245 |
0 |
0 |
|a Failed Promises :
|b Evaluating the Federal Government's Response to Environmental Justice /
|c edited by David M. Konisky.
|
| 264 |
|
1 |
|a London, England :
|b The MIT Press,
|c [2015]
|
| 264 |
|
3 |
|a Baltimore, Md. :
|b Project MUSE,
|c 2015
|
| 264 |
|
4 |
|c ©[2015]
|
| 300 |
|
|
|a 1 online resource (296 pages).
|
| 336 |
|
|
|a text
|b txt
|2 rdacontent
|
| 337 |
|
|
|a computer
|b c
|2 rdamedia
|
| 338 |
|
|
|a online resource
|b cr
|2 rdacarrier
|
| 490 |
0 |
|
|a American and comparative environmental policy
|
| 505 |
0 |
|
|a The federal government's response to environmental inequality / David M. Konisky -- Federal environmental justice policy in permitting / Eileen Gauna -- Assessing EPA's experience with equity in standard-setting / Douglas S. Noonan -- Evaluating environmental justice : analytic lessons from the academic literature and in practice / Ron Shadbegian and Ann Wolverton -- Public participation and environmental justice : access to federal decision-making / Dorothy M. Daley and Tony G. Reames -- Evaluating fairness in environmental regulatory enforcement / David M. Konisky and Christopher Reenock -- Environmental justice in the courts / Elizabeth Gross and Paul Stretesky -- Federal environmental justice policy : lessons learned / David M. Konisky.
|
| 520 |
|
|
|a A systematic evaluation of the implementation of the federal government's environmental justice policies.
|
| 588 |
|
|
|a Description based on print version record.
|
| 650 |
|
7 |
|a Human ecology.
|2 fast
|0 (OCoLC)fst00962941
|
| 650 |
|
7 |
|a Environmental justice.
|2 fast
|0 (OCoLC)fst00913104
|
| 650 |
|
7 |
|a Environmental health.
|2 fast
|0 (OCoLC)fst00912999
|
| 650 |
|
7 |
|a POLITICAL SCIENCE
|x Public Policy
|x Environmental Policy.
|2 bisacsh
|
| 650 |
|
7 |
|a SOCIAL SCIENCE
|x General.
|2 bisacsh
|
| 650 |
|
7 |
|a BUSINESS & ECONOMICS
|x Infrastructure.
|2 bisacsh
|
| 650 |
|
6 |
|a Justice environnementale
|z États-Unis.
|
| 650 |
|
0 |
|a Environmental health
|z United States.
|
| 650 |
|
0 |
|a Environmental justice
|z United States.
|
| 651 |
|
7 |
|a United States.
|2 fast
|0 (OCoLC)fst01204155
|
| 651 |
|
0 |
|a United States
|x Environmental conditions
|x Social aspects.
|
| 655 |
|
7 |
|a Electronic books.
|2 local
|
| 700 |
1 |
|
|a Konisky, David M.,
|e editor.
|
| 710 |
2 |
|
|a Project Muse.
|e distributor
|
| 830 |
|
0 |
|a Book collections on Project MUSE.
|
| 856 |
4 |
0 |
|z Texto completo
|u https://projectmuse.uam.elogim.com/book/39552/
|
| 945 |
|
|
|a Project MUSE - Custom Collection
|
| 945 |
|
|
|a Project MUSE - 2015 Complete
|
| 945 |
|
|
|a Project MUSE - 2015 Political Science and Policy Studies
|